| 000 | 00570nam a2200217Ia 4500 | ||
|---|---|---|---|
| 003 | 0100 | ||
| 008 | 130227s9999 xx 000 0 und d | ||
| 040 | _cARRUPELIB | ||
| 050 | _aJC71.A7A77 2005 | ||
| 245 | _aAristotle' s politics | ||
| 245 | _bcritical essays | ||
| 260 | _aLanham | ||
| 260 | _bRowman and Littlefield Publishers | ||
| 260 | _C2005 | ||
| 300 | _axviii | ||
| 300 | _b 256p. 26cm. | ||
| 650 | _bDiscernment of spirits | ||
| 650 | _cIgnatius, of Loyola, Saint, 1491-1556 | ||
| 700 | _aKraut, Richard ; Skultety, Steven eds. | ||
| 942 |
_2lcc _01 |
||
| 999 |
_c1763 _d1763 |
||